Statystyki dla Bundesliga 21/22

Kliknij tutaj aby rozwiązać quiz!

Ogólne statystyki

  • Ten quiz został rozwiązany 156 razy
  • Średni wynik to 13 z 18

Statystyki odpowiedzi

Klub% Poprawnych
Bayern Monachium
100%
Borussia Dortmund
96%
RB Lipsk
84%
Wolfsburg
84%
Bayer Leverkusen
83%
Hertha Berlin
80%
Union Berlin
80%
Eintracht Frankfurt
78%
Borussia Monchengladbach
75%
Koln
74%
Augsburg
71%
Hoffenheim
67%
Freiburg
64%
Mainz
60%
Stuttgart
58%
Bochum
54%
Arminia Bielefeld
53%
Greuther Furth
50%

Rozkład punktacji

Percentyl według liczby udzielonych odpowiedzi

Procent ludzi z każdym wynikiem

Twoja historia wyników

Nie rozwiązałeś tego quizu